| 000 | 01338nam a2200361 c 4500 | ||
|---|---|---|---|
| 999 |
_c148567 _d148567 |
||
| 003 | BLK | ||
| 005 | 20231218132547.0 | ||
| 008 | 180410b bul|||||r ||||||| ||bul|| | ||
| 010 | _aKNG00154791000 | ||
| 040 | _aBLK | ||
| 041 |
_aBUL _cBUL |
||
| 080 |
_aФренска литература _b821.133.1 _x-93-34 _z821.133.1-93-34 |
||
| 139 |
_aФренски приказки _bФ 82 |
||
| 245 | 1 | 0 |
_aФренски приказки _cпрев. от фр. Надя Трендафилова; ил. Сантен. |
| 250 | _a4. изд. | ||
| 257 | _aFRA | ||
| 260 |
_bМладеж _c1992 _fСофия : ДФ Балкан прес |
||
| 300 |
_a76 с. _bс цв. ил. _c34 см |
||
| 380 | _aDX | ||
| 500 | _aОриг. загл. Les plus beaux contes francais. - 1. изд. 1974. | ||
| 653 | _aдетска литература | ||
| 653 | _aприказки | ||
| 700 | 1 |
_aТрендафилова, Надя _eпрев. от фр. _9364008 |
|
| 700 | 1 |
_aСантен, Федерико _eил. _9118827 |
|
| 852 | _aЦб ІІ 5614 | ||
| 856 | 4 | _qpdf | |
| 856 | 4 | _qpdf | |
| 942 |
_cKNG _n0 _s1 |
||
| 944 |
_aCR _c17.12.2013 _lГеновева Генчева _k30560 |
||
| 944 |
_aED _c28.09.2017 _l17.12.2013 - от С1,Р / 17.12.2013 _kКети_Илиева |
||
| 999 | _d148567 | ||
| 999 | _d148567 | ||